000 00842nam a22002657a 4500
999 _c65632
_d65606
003 OSt
005 20181106144324.0
008 181106b ||||| |||| 00| 0 eng d
020 _a9780007189885
040 _aDLC
_cDLC
_dDLC
050 _aPR 9387.9.A35
_bP87 2004
100 _915871
_aAdichie, Chimamanda Ngozi,
_d1977-
245 _aPurple hibiscus
_cChamamanda Ngozi Adichie.
260 _aLondon :
_bFourth Estate,
_cc2004.
300 _a307 p.;
500 _a[Africana]
650 _aTeenage girls
_vFiction.
_947748
650 _aFathers and daughters
_vFiction.
_947749
650 _aReligious fanaticism
_vFiction.
_947750
650 _aChildren of the rich
_vFiction.
_947751
650 _aBrothers and sisters
_vFiction.
_947752
650 _aAunts
_vFiction.
_947753
651 _aNigeria
_vFiction.
_947754
942 _2lcc
_cAFR(G)